Understanding Business Statistics (Record no. 4971)

MARC details
005 - DATE AND TIME OF LATEST TRANSACTION
control field 20250625092025.0
020 ## - INTERNATIONAL STANDARD BOOK NUMBER
International Standard Book Number Pending
082 ## - DEWEY DECIMAL CLASSIFICATION NUMBER
Classification number 519.5 FRE
100 ## - MAIN ENTRY--PERSONAL NAME
Author name FREED, N.
245 ## - TITLE STATEMENT
Title Understanding Business Statistics
250 ## - EDITION STATEMENT
Edition statement 2nd Ed.
260 ## - PUBLICATION, DISTRIBUTION, ETC.
Place of publication, distribution, etc. New York,
Date of publication, distribution, etc. 2008
300 ## - PHYSICAL DESCRIPTION
Extent xv,553p.; ill.; figure, table
Other physical details Appendix
Dimensions 27cm
942 ## - ADDED ENTRY ELEMENTS (KOHA)
Source of classification or shelving scheme Dewey Decimal Classification
Koha item type Books
Holdings
Date last seen Total checkouts Full call number Barcode Cost, replacement price Price effective from Koha item type Lost status Source of classification or shelving scheme Damaged status Not for loan Withdrawn status Home library Current library Shelving location Date acquired Cost, normal purchase price
06/25/2025   519.5 FRE DOM0001019 105000.00 06/25/2025 Books   Dewey Decimal Classification       CBE Dodoma CBE Dodoma General Collection 05/26/2015 35000.00
06/25/2025   519.5 FRE DOM0001018 105000.00 06/25/2025 Books   Dewey Decimal Classification       CBE Dodoma CBE Dodoma General Collection 05/26/2015 35000.00